Обірвана струна (Запис № 572667)

МАРК-запис
000 -Лідер
fixed length control field 00988 a2200253 4500
001 - Контрольний номер
control field 216222526
003 - Ідентифікатор контрольного номера
control field UA-OsUOA
005 - Дата та час останнього входження (трансакції)
control field 20220627094632.0
008 - Елементи даних фіксованої довжини – загальна інформація
fixed length control field 220627b un ||||| |||| 00| 0 ukr d
020 ## - Міжнародний стандартний книжковий номер (ISBN)
Міжнародний стандартний книжковий номер (ISBN) (НП) 9789941010316
040 ## - Джерело каталогізації
Агенція оригінальної каталогізації UA-OsUOA
Мова каталогізації ukr
Агенція, яка здійснювала перезапис UA-OsUOA
Агенція, яка здійснювала модифікацію UA-OsUOA
041 ## - Код мови
Код мови тексту/ звукової доріжки чи окремого заголовка (П) ukr
080 ## - Індекс Універсальної десяткової класифікації
Індекс Універсальної десяткової класифікації (УДК) (НП) 82-1
090 ## - Локальний шифр розміщення
Класифікаційний індекс УДК 82-1
Авторський знак (НП) М25
100 ## - Основне введення – ім’я особи
Ім’я особи (НП) Марджанішвілі В.
245 ## - Відомості про назву
Назва (НП) Обірвана струна
Дані про відповідальність (НП) Валентина Марджанішвілі
Решта назви (НП) Штрихи до портрета Пантелеймона Петренка у віршах, перекладах, малюнках, публікаціях, спогадах.
260 ## - Публікація, розповсюдження і т.п. (Вихідні дані)
Дата публікації, розповсюдження і т.п. (П) 2008
Місце публікації, розповсюдження і т.п. (П) Тбілісі
300 ## - Фізичний опис
Обсяг 56 с.
591 ## - Дарувальник
Прізвище та ініціали особи Школьна Олена
650 ## - Додаткове предметне введення – тематичний термін
Джерело заголовка чи терміна UDC
Тематичний термін чи географічна назва, як елемент введення (НП) 82-1 Художня література
942 ## - Додаткові елементи входу (Коха)
Тип елемента Koha Книги
Source of classification or shelving scheme Universal Decimal Classification
955 ## - Код типу видання за змістом
Код типу видання за змістом (НП) Літературно-художні видання
Фонди
Стан вилучень Стан втрат Джерело класифікації або схеми стелажів Стан уражень Не для кредиту Постійне місце розташування Поточне розміщення Дата придбання Джерело придбання Вартість, звичайна ціна покупки Інвентарний номер Усього замовленно Повний номер виклику Штрих-код Дата останнього перегляду Ціна ефективна від Тип елемента Koha
    Universal Decimal Classification     Наукова бібліотека ІДУД Наукова бібліотека ІДУД 27/06/2022 Акт надходження № 3 (24.06.2022 від Школьної Олени) 1.00 2140281   82-1 М25 2140281 27/06/2022 27/06/2022 Книги